Pueblos Indígenas (Originarios) de Chile - Estadísticas

Estadísticas generales
  • Esta prueba ha sido intentada 99 veces
    97 desde el último reinicio
  • La puntuación promedio es 9 de 23
Estadísticas de respuestas
Estado Actual Pueblo Indígena % Correcto
Reconocido Mapuches
100%
Reconocido Aymaras
89%
Proceso de Reconocimiento Legal Selknam
84%
Reconocido Diaguitas
76%
Reconocido Atacameños
66%
Reconocido Rapa Nui
63%
Reconocido Kawésqar
50%
No Reconocidos Chonos
49%
Reconocido Changos
46%
No Reconocido* Huilliches
45%
Reconocido Yaganes
44%
No Reconocido* Pehuenches
41%
No Reconocidos Aonikenk
38%
No Reconocido* Picunches
37%
Reconocido Collas
23%
No Reconocido Puelches
15%
No Reconocido Poyas
12%
No Reconocido* Cuncos
11%
No Reconocido* Lafkenches
11%
No Reconocido Chiquiyanes
10%
No Reconocidos Caucahué
9%
No Reconocido* Huenteches
4%
No Reconocido* Nagches
2%
No se encontraron pruebas coincidentes
Distribución de puntuación
Porcentaje de gente con cada puntuación
Porcentaje por número respondido
Historial de tus puntuaciones
No has intentado esta prueba desde el último reinicio